[Event "2nd Easter 4NCL Congress"]
[Site "Daventry"]
[Date "2022.04.15"]
[Round "1"]
[Board "13"]
[White "Thompson, Ian D"]
[Black "Gibbon, Eric"]
[Result "1/2-1/2"]
[WhiteElo "2213"]
[BlackElo "1953"]
[PlyCount "0"]
[EventDate "2022.04.15"]
[EventRounds "7"]
[EventCountry "ENG"]

1. c4 {[%clk 01:30:57]} {[%emt 00:00:02]} d6 {[%clk 01:30:36]} {[%emt
00:00:25]} 2. Nc3 {[%clk 01:31:05]} {[%emt 00:00:22]} Nf6 {[%clk 01:30:45]}
{[%emt 00:00:19]} 3. g3 {[%clk 01:30:56]} {[%emt 00:00:39]} c6 {[%clk
01:30:44]} {[%emt 00:00:31]} 4. Bg2 {[%clk 01:30:59]} {[%emt 00:00:28]} e5
{[%clk 01:30:23]} {[%emt 00:00:52]} 5. d4 {[%clk 01:29:05]} {[%emt 00:02:23]}
Be7 {[%clk 01:28:23]} {[%emt 00:02:29]} 6. e4 {[%clk 01:28:54]} {[%emt
00:00:42]} O-O {[%clk 01:26:21]} {[%emt 00:02:33]} 7. Nge2 {[%clk 01:27:55]}
{[%emt 00:01:29]} Re8 {[%clk 01:19:48]} {[%emt 00:07:03]} 8. O-O {[%clk
01:27:46]} {[%emt 00:00:40]} Nbd7 {[%clk 01:16:24]} {[%emt 00:03:53]} 9. b3
{[%clk 01:24:39]} {[%emt 00:03:38]} Qc7 {[%clk 01:11:31]} {[%emt 00:05:22]} 10.
Bb2 {[%clk 01:22:47]} {[%emt 00:02:22]} Nf8 {[%clk 01:08:25]} {[%emt 00:03:37]}
11. Qc2 {[%clk 01:14:40]} {[%emt 00:08:37]} Ne6 {[%clk 00:54:42]} {[%emt
00:14:13]} 12. d5 {[%clk 01:11:40]} {[%emt 00:03:29]} Nd4 {[%clk 00:52:21]}
{[%emt 00:02:52]} 13. Nxd4 {[%clk 01:10:40]} {[%emt 00:01:31]} exd4 {[%clk
00:52:48]} {[%emt 00:00:02]} 14. Ne2 {[%clk 01:10:34]} {[%emt 00:00:36]} c5
{[%clk 00:52:53]} {[%emt 00:00:25]} 15. Rae1 {[%clk 01:08:17]} {[%emt
00:02:47]} a5 {[%clk 00:49:24]} {[%emt 00:03:59]} 16. Nc1 {[%clk 01:03:08]}
{[%emt 00:05:39]} Bf8 {[%clk 00:47:37]} {[%emt 00:02:17]} 17. Nd3 {[%clk
01:01:45]} {[%emt 00:01:53]} Ng4 {[%clk 00:43:49]} {[%emt 00:04:18]} 18. Bc1
{[%clk 00:59:26]} {[%emt 00:02:49]} Ne5 {[%clk 00:41:00]} {[%emt 00:03:19]} 19.
Nb2 {[%clk 00:58:40]} {[%emt 00:01:15]} f6 {[%clk 00:37:09]} {[%emt 00:04:20]}
20. f4 {[%clk 00:53:46]} {[%emt 00:05:24]} Nf7 {[%clk 00:37:37]} {[%emt
00:00:03]} 21. Bd2 {[%clk 00:52:30]} {[%emt 00:01:47]} Bd7 {[%clk 00:37:46]}
{[%emt 00:00:20]} 22. Rf2 {[%clk 00:48:35]} {[%emt 00:04:25]} Re7 {[%clk
00:37:25]} {[%emt 00:00:52]} 23. h3 {[%clk 00:45:30]} {[%emt 00:03:35]} Rae8
{[%clk 00:37:06]} {[%emt 00:00:50]} 24. Rfe2 {[%clk 00:33:59]} {[%emt
00:12:00]} g6 {[%clk 00:34:37]} {[%emt 00:02:58]} 25. Nd1 {[%clk 00:32:56]}
{[%emt 00:01:33]} Bg7 {[%clk 00:32:38]} {[%emt 00:02:30]} 26. Nf2 {[%clk
00:29:31]} {[%emt 00:03:55]} b6 {[%clk 00:29:42]} {[%emt 00:03:26]} 27. Qd3
{[%clk 00:26:14]} {[%emt 00:03:48]} Bc8 {[%clk 00:26:19]} {[%emt 00:03:52]} 28.
g4 {[%clk 00:25:23]} {[%emt 00:01:22]} g5 {[%clk 00:18:26]} {[%emt 00:08:22]}
29. Qg3 {[%clk 00:22:32]} {[%emt 00:03:21]} f5 {[%clk 00:14:21]} {[%emt
00:04:35]} 30. fxg5 {[%clk 00:19:53]} {[%emt 00:03:09]} Be5 {[%clk 00:13:17]}
{[%emt 00:01:34]} 31. Qh4 {[%clk 00:18:42]} {[%emt 00:01:41]} f4 {[%clk
00:12:46]} {[%emt 00:01:01]} 32. Nd3 {[%clk 00:17:57]} {[%emt 00:01:16]} Nh8
{[%clk 00:11:49]} {[%emt 00:01:26]} 33. Nxf4 {[%clk 00:15:54]} {[%emt
00:02:34]} Ng6 {[%clk 00:11:11]} {[%emt 00:01:07]} 34. Nxg6 {[%clk 00:15:41]}
{[%emt 00:00:43]} hxg6 {[%clk 00:11:39]} {[%emt 00:00:02]} 35. Rf1 {[%clk
00:12:09]} {[%emt 00:04:02]} Rh7 {[%clk 00:11:27]} {[%emt 00:00:42]} 36. Qe1
{[%clk 00:11:44]} {[%emt 00:00:54]} Bxg4 {[%clk 00:10:45]} {[%emt 00:01:12]} 37.
Ref2 {[%clk 00:11:21]} {[%emt 00:00:52]} Bxh3 {[%clk 00:10:23]} {[%emt
00:00:53]} 38. Bxh3 {[%clk 00:07:45]} {[%emt 00:04:07]} Rxh3 {[%clk 00:10:50]}
{[%emt 00:00:02]} 39. Rf8+ {[%clk 00:07:59]} {[%emt 00:00:17]} Rxf8 {[%clk
00:10:37]} {[%emt 00:00:43]} 40. Rxf8+ {[%clk 00:08:27]} {[%emt 00:00:02]} Kxf8
{[%clk 00:10:57]} {[%emt 00:00:10]} 41. Qf1+ {[%clk 00:08:52]} {[%emt
00:00:04]} Kg8 {[%clk 00:08:36]} {[%emt 00:02:50]} 42. Qxh3 {[%clk 00:09:16]}
{[%emt 00:00:07]} Qf7 {[%clk 00:08:47]} {[%emt 00:00:19]} 43. Kg2 {[%clk
00:08:41]} {[%emt 00:01:05]} Bf4 {[%clk 00:06:28]} {[%emt 00:02:50]} 44. Bxf4
{[%clk 00:08:17]} {[%emt 00:00:54]} Qxf4 {[%clk 00:06:55]} {[%emt 00:00:02]} 45.
Qe6+ {[%clk 00:08:23]} {[%emt 00:00:24]} Kg7 {[%clk 00:07:06]} {[%emt
00:00:19]} 46. Qe7+ {[%clk 00:08:33]} {[%emt 00:00:19]} Kg8 {[%clk 00:06:27]}
{[%emt 00:01:10]} 47. Qe6+ {[%clk 00:08:33]} {[%emt 00:00:30]}  1/2-1/2

[Event "2nd Easter 4NCL Congress"]
[Site "Daventry"]
[Date "2022.04.15"]
[Round "1"]
[Board "14"]
[White "Jaszkiwskyj, Peter"]
[Black "Boswell, Jacob Connor"]
[Result "0-1"]
[WhiteElo "1950"]
[BlackElo "2206"]
[PlyCount "0"]
[EventDate "2022.04.15"]
[EventRounds "7"]
[EventCountry "ENG"]

1. d4 {[%clk 01:25:32]} {[%emt 00:05:26]} Nf6 {[%clk 01:30:54]} {[%emt
00:00:07]} 2. c4 {[%clk 01:25:50]} {[%emt 00:00:12]} e6 {[%clk 01:31:18]}
{[%emt 00:00:06]} 3. Nf3 {[%clk 01:26:07]} {[%emt 00:00:13]} d5 {[%clk
01:31:44]} {[%emt 00:00:05]} 4. Nc3 {[%clk 01:26:28]} {[%emt 00:00:08]} dxc4
{[%clk 01:32:07]} {[%emt 00:00:08]} 5. e3 {[%clk 01:26:35]} {[%emt 00:00:22]}
a6 {[%clk 01:32:27]} {[%emt 00:00:11]} 6. a4 {[%clk 01:26:19]} {[%emt
00:00:46]} b6 {[%clk 01:32:19]} {[%emt 00:00:39]} 7. Bxc4 {[%clk 01:26:34]}
{[%emt 00:00:14]} Bb7 {[%clk 01:32:21]} {[%emt 00:00:30]} 8. O-O {[%clk
01:26:27]} {[%emt 00:00:36]} Bb4 {[%clk 01:30:07]} {[%emt 00:02:45]} 9. Qe2
{[%clk 01:22:48]} {[%emt 00:04:07]} O-O {[%clk 01:29:27]} {[%emt 00:01:11]} 10.
Bd2 {[%clk 01:19:42]} {[%emt 00:03:36]} Qe7 {[%clk 01:27:56]} {[%emt 00:02:02]}
11. Rfd1 {[%clk 01:15:52]} {[%emt 00:04:19]} Nbd7 {[%clk 01:26:10]} {[%emt
00:02:18]} 12. Rac1 {[%clk 01:11:00]} {[%emt 00:05:21]} e5 {[%clk 01:16:00]}
{[%emt 00:10:41]} 13. d5 {[%clk 00:59:54]} {[%emt 00:11:35]} e4 {[%clk
01:05:34]} {[%emt 00:10:57]} 14. Nd4 {[%clk 00:56:52]} {[%emt 00:03:31]} Bc5
{[%clk 00:59:31]} {[%emt 00:06:35]} 15. Nc6 {[%clk 00:47:17]} {[%emt 00:10:04]}
Bxc6 {[%clk 00:50:47]} {[%emt 00:09:14]} 16. dxc6 {[%clk 00:47:28]} {[%emt
00:00:19]} Ne5 {[%clk 00:50:40]} {[%emt 00:00:37]} 17. Bxa6 {[%clk 00:45:04]}
{[%emt 00:02:55]} Bd6 {[%clk 00:29:47]} {[%emt 00:21:24]} 18. Bb5 {[%clk
00:39:09]} {[%emt 00:06:23]} Neg4 {[%clk 00:22:59]} {[%emt 00:07:19]} 19. h3
{[%clk 00:36:06]} {[%emt 00:03:32]} Qe5 {[%clk 00:22:28]} {[%emt 00:01:03]} 20.
g3 {[%clk 00:34:17]} {[%emt 00:02:18]} Nh6 {[%clk 00:22:50]} {[%emt 00:00:08]}
21. Be1 {[%clk 00:29:20]} {[%emt 00:05:26]} Nf5 {[%clk 00:21:24]} {[%emt
00:01:56]} 22. Bc4 {[%clk 00:24:36]} {[%emt 00:05:14]} Nh4 {[%clk 00:16:45]}
{[%emt 00:05:10]} 23. b3 {[%clk 00:19:55]} {[%emt 00:05:11]} Qf5 {[%clk
00:11:45]} {[%emt 00:05:31]} 24. Kh2 {[%clk 00:14:35]} {[%emt 00:05:49]} Nf3+
{[%clk 00:11:50]} {[%emt 00:00:25]} 25. Kg2 {[%clk 00:14:57]} {[%emt 00:00:07]}
Ng5 {[%clk 00:11:47]} {[%emt 00:00:34]} 26. g4 {[%clk 00:12:24]} {[%emt
00:03:03]} Qe5 {[%clk 00:11:39]} {[%emt 00:00:38]} 27. Rxd6 {[%clk 00:12:43]}
{[%emt 00:00:11]} Nf3 {[%clk 00:07:34]} {[%emt 00:04:35]} 28. Nxe4 {[%clk
00:11:49]} {[%emt 00:01:23]} Nh4+ {[%clk 00:06:21]} {[%emt 00:01:43]} 29. Kg1
{[%clk 00:08:27]} {[%emt 00:03:52]} Qxe4 {[%clk 00:06:38]} {[%emt 00:00:14]} 30.
f3 {[%clk 00:08:38]} {[%emt 00:00:18]} Nxf3+ {[%clk 00:06:36]} {[%emt
00:00:32]} 31. Kf2 {[%clk 00:08:55]} {[%emt 00:00:12]} Nh4 {[%clk 00:05:54]}
{[%emt 00:01:13]} 32. Kg1 {[%clk 00:08:09]} {[%emt 00:01:16]} cxd6 {[%clk
00:06:04]} {[%emt 00:00:20]} 33. Bxh4 {[%clk 00:08:28]} {[%emt 00:00:11]} Nd5
{[%clk 00:02:35]} {[%emt 00:03:59]} 34. Bd3 {[%clk 00:06:32]} {[%emt 00:02:25]}
Qe5 {[%clk 00:02:19]} {[%emt 00:00:47]} 35. Rd1 {[%clk 00:02:29]} {[%emt
00:04:33]} Nc3 {[%clk 00:02:18]} {[%emt 00:00:31]}  0-1

[Event "2nd Easter 4NCL Congress"]
[Site "Daventry"]
[Date "2022.04.15"]
[Round "1"]
[Board "15"]
[White "Finn, Peter"]
[Black "Liu, Jack"]
[Result "1-0"]
[WhiteElo "2177"]
[BlackElo "1913"]
[PlyCount "0"]
[EventDate "2022.04.15"]
[EventRounds "7"]
[EventCountry "ENG"]

1. d4 {[%clk 01:30:53]} {[%emt 00:00:06]} Nf6 {[%clk 01:30:39]} {[%emt
00:00:14]} 2. Nf3 {[%clk 01:31:19]} {[%emt 00:00:11]} g6 {[%clk 01:30:55]}
{[%emt 00:00:14]} 3. g3 {[%clk 01:31:37]} {[%emt 00:00:13]} Bg7 {[%clk
01:30:47]} {[%emt 00:00:37]} 4. Bg2 {[%clk 01:32:01]} {[%emt 00:00:06]} d5
{[%clk 01:30:30]} {[%emt 00:00:48]} 5. O-O {[%clk 01:31:51]} {[%emt 00:00:41]}
O-O {[%clk 01:29:59]} {[%emt 00:00:58]} 6. c4 {[%clk 01:31:58]} {[%emt
00:00:25]} c6 {[%clk 01:26:19]} {[%emt 00:04:10]} 7. b3 {[%clk 01:29:48]}
{[%emt 00:02:40]} dxc4 {[%clk 01:24:34]} {[%emt 00:02:15]} 8. bxc4 {[%clk
01:30:13]} {[%emt 00:00:05]} c5 {[%clk 01:22:50]} {[%emt 00:02:14]} 9. Bb2
{[%clk 01:28:27]} {[%emt 00:02:16]} Qb6 {[%clk 01:21:42]} {[%emt 00:01:38]} 10.
Qc1 {[%clk 01:14:17]} {[%emt 00:14:41]} cxd4 {[%clk 01:17:09]} {[%emt
00:05:02]} 11. Nxd4 {[%clk 01:07:29]} {[%emt 00:07:19]} Nc6 {[%clk 01:11:34]}
{[%emt 00:06:04]} 12. Nxc6 {[%clk 00:59:40]} {[%emt 00:08:19]} bxc6 {[%clk
01:11:49]} {[%emt 00:00:15]} 13. Nd2 {[%clk 00:58:43]} {[%emt 00:01:27]} Be6
{[%clk 00:59:20]} {[%emt 00:12:59]} 14. Rb1 {[%clk 00:35:27]} {[%emt 00:23:47]}
Qa6 {[%clk 00:49:38]} {[%emt 00:10:11]} 15. Bc3 {[%clk 00:16:55]} {[%emt
00:19:02]} Rab8 {[%clk 00:08:37]} {[%emt 00:41:32]} 16. Rb3 {[%clk 00:16:47]}
{[%emt 00:00:37]} Rxb3 {[%clk 00:02:14]} {[%emt 00:06:52]} 17. axb3 {[%clk
00:17:12]} {[%emt 00:00:05]} Nd7 {[%clk 00:01:06]} {[%emt 00:01:38]} 18. Bxg7
{[%clk 00:17:02]} {[%emt 00:00:41]} Kxg7 {[%clk 00:01:31]} {[%emt 00:00:05]} 19.
Qb2+ {[%clk 00:16:20]} {[%emt 00:01:12]} f6 {[%clk 00:01:34]} {[%emt 00:00:27]}
20. Ra1 {[%clk 00:16:30]} {[%emt 00:00:20]} Qb6 {[%clk 00:01:49]} {[%emt
00:00:15]} 21. Qa3 {[%clk 00:16:49]} {[%emt 00:00:10]} Kf7 {[%clk 00:00:42]}
{[%emt 00:01:38]} 22. Qxa7 {[%clk 00:16:33]} {[%emt 00:00:46]} Qb4 {[%clk
00:01:00]} {[%emt 00:00:12]} 23. Qa5 {[%clk 00:16:33]} {[%emt 00:00:30]} Qc5
{[%clk 00:00:39]} {[%emt 00:00:51]} 24. Qxc5 {[%clk 00:16:18]} {[%emt
00:00:45]} Nxc5 {[%clk 00:01:04]} {[%emt 00:00:04]} 25. b4 {[%clk 00:15:21]}
{[%emt 00:01:28]} Rd8 {[%clk 00:01:27]} {[%emt 00:00:07]} 26. Ra2 {[%clk
00:13:44]} {[%emt 00:02:07]} Na4 {[%clk 00:00:48]} {[%emt 00:01:09]} 27. e3
{[%clk 00:07:43]} {[%emt 00:06:31]} Nb6 {[%clk 00:00:38]} {[%emt 00:00:40]} 28.
Rc2 {[%clk 00:07:48]} {[%emt 00:00:25]} Nxc4 {[%clk 00:00:48]} {[%emt
00:00:20]} 29. Nxc4 {[%clk 00:07:32]} {[%emt 00:00:45]} Rd1+ {[%clk 00:00:40]}
{[%emt 00:00:37]} 30. Bf1 {[%clk 00:07:56]} {[%emt 00:00:05]} Bh3 {[%clk
00:00:38]} {[%emt 00:00:33]} 31. Nd2 {[%clk 00:08:21]} {[%emt 00:00:05]} h5
{[%clk 00:00:34]} {[%emt 00:00:35]} 32. Rb2 {[%clk 00:08:07]} {[%emt 00:00:43]}
h4 {[%clk 00:00:33]} {[%emt 00:00:31]} 33. Rb1 {[%clk 00:08:12]} {[%emt
00:00:25]}  1-0

[Event "2nd Easter 4NCL Congress"]
[Site "Daventry"]
[Date "2022.04.15"]
[Round "1"]
[Board "16"]
[White "Sandhu, Manvith"]
[Black "Wilks, Simon"]
[Result "0-1"]
[WhiteElo "1903"]
[BlackElo "2161"]
[PlyCount "0"]
[EventDate "2022.04.15"]
[EventRounds "7"]
[EventCountry "ENG"]

1. e4 {[%clk 01:30:58]} {[%emt 00:00:01]} e6 {[%clk 01:30:54]} {[%emt
00:00:05]} 2. d4 {[%clk 01:31:25]} {[%emt 00:00:03]} d5 {[%clk 01:31:19]}
{[%emt 00:00:07]} 3. Bd3 {[%clk 01:31:38]} {[%emt 00:00:17]} dxe4 {[%clk
01:31:20]} {[%emt 00:00:28]} 4. Bxe4 {[%clk 01:31:59]} {[%emt 00:00:09]} Nf6
{[%clk 01:31:37]} {[%emt 00:00:13]} 5. Bf3 {[%clk 01:32:23]} {[%emt 00:00:06]}
c5 {[%clk 01:31:34]} {[%emt 00:00:33]} 6. Ne2 {[%clk 01:32:47]} {[%emt
00:00:06]} Nc6 {[%clk 01:31:23]} {[%emt 00:00:42]} 7. Be3 {[%clk 01:32:54]}
{[%emt 00:00:23]} cxd4 {[%clk 01:30:39]} {[%emt 00:01:13]} 8. Nxd4 {[%clk
01:33:10]} {[%emt 00:00:13]} Ne5 {[%clk 01:30:45]} {[%emt 00:00:25]} 9. Nc3
{[%clk 01:29:20]} {[%emt 00:04:21]} a6 {[%clk 01:29:22]} {[%emt 00:01:53]} 10.
O-O {[%clk 01:25:50]} {[%emt 00:04:00]} Be7 {[%clk 01:21:30]} {[%emt 00:08:21]}
11. h3 {[%clk 01:21:43]} {[%emt 00:04:36]} O-O {[%clk 01:17:23]} {[%emt
00:04:37]} 12. Re1 {[%clk 01:21:32]} {[%emt 00:00:42]} Bb4 {[%clk 00:56:07]}
{[%emt 00:21:46]} 13. a3 {[%clk 01:12:18]} {[%emt 00:09:44]} Bxc3 {[%clk
00:49:46]} {[%emt 00:06:52]} 14. bxc3 {[%clk 01:12:38]} {[%emt 00:00:09]} Nxf3+
{[%clk 00:49:32]} {[%emt 00:00:44]} 15. Qxf3 {[%clk 01:10:36]} {[%emt
00:02:32]} Qd5 {[%clk 00:43:47]} {[%emt 00:06:16]} 16. Qe2 {[%clk 01:06:31]}
{[%emt 00:04:35]} b5 {[%clk 00:37:44]} {[%emt 00:06:33]} 17. Red1 {[%clk
00:56:44]} {[%emt 00:10:16]} Bb7 {[%clk 00:32:51]} {[%emt 00:05:23]} 18. f3
{[%clk 00:55:48]} {[%emt 00:01:26]} Rac8 {[%clk 00:27:50]} {[%emt 00:05:32]} 19.
Bd2 {[%clk 00:35:47]} {[%emt 00:20:31]} Qc5 {[%clk 00:11:13]} {[%emt 00:17:07]}
20. Kh1 {[%clk 00:35:55]} {[%emt 00:00:21]} Rfd8 {[%clk 00:08:40]} {[%emt
00:03:04]} 21. Nb3 {[%emt 00:03:42]} Qf5 {[%clk 00:08:34]} 22. Nd4 {[%clk
00:28:07]} {[%emt 00:05:42]} Qh5 {[%clk 00:07:47]} {[%emt 00:01:16]} 23. Nb3
{[%clk 00:25:11]} {[%emt 00:03:26]} e5 {[%clk 00:04:55]} {[%emt 00:03:23]} 24.
Re1 {[%clk 00:02:51]} {[%emt 00:22:50]} Re8 {[%clk 00:04:56]} {[%emt 00:00:29]}
25. Nc1 {[%clk 00:02:22]} {[%emt 00:00:59]} e4 {[%clk 00:03:10]} {[%emt
00:02:16]} 26. fxe4 {[%clk 00:02:36]} {[%emt 00:00:16]} Qxe2 {[%clk 00:03:19]}
{[%emt 00:00:21]} 27. Nxe2 {[%clk 00:02:39]} {[%emt 00:00:27]} Nxe4 {[%clk
00:03:35]} {[%emt 00:00:14]} 28. Bf4 {[%clk 00:01:35]} {[%emt 00:01:34]} f6
{[%clk 00:03:19]} {[%emt 00:00:47]} 29. Kh2 {[%clk 00:00:35]} {[%emt 00:01:29]}
Nxc3 {[%clk 00:01:23]} {[%emt 00:02:27]} 30. Nxc3 {[%clk 00:00:58]} {[%emt
00:00:06]} Rxe1 {[%clk 00:01:47]} {[%emt 00:00:06]} 31. Rxe1 {[%clk 00:01:23]}
{[%emt 00:00:05]} Rxc3 {[%clk 00:02:04]} {[%emt 00:00:13]} 32. Re7 {[%clk
00:01:46]} {[%emt 00:00:06]} Bc6 {[%clk 00:01:46]} {[%emt 00:00:48]} 33. Re2
{[%clk 00:01:12]} {[%emt 00:01:05]} Rxa3 {[%clk 00:01:43]} {[%emt 00:00:34]} 34.
Re6 {[%clk 00:01:27]} {[%emt 00:00:14]} Rc3 {[%clk 00:01:58]} {[%emt 00:00:15]}
35. Re2 {[%clk 00:01:33]} {[%emt 00:00:24]} a5 {[%clk 00:01:59]} {[%emt
00:00:29]} 36. Bc7 {[%clk 00:00:46]} {[%emt 00:01:17]} a4 {[%clk 00:00:53]}
{[%emt 00:01:37]} 37. Bd6 {[%clk 00:01:04]} {[%emt 00:00:11]} Rc4 {[%clk
00:00:57]} {[%emt 00:00:26]} 38. Ba3 {[%clk 00:00:46]} {[%emt 00:00:49]} b4
{[%clk 00:01:06]} {[%emt 00:00:20]} 39. Bb2 {[%clk 00:00:45]} {[%emt 00:00:31]}
a3 {[%clk 00:00:55]} {[%emt 00:00:42]} 40. Ba1 {[%clk 00:01:06]} {[%emt
00:00:09]} Be4 {[%clk 00:01:09]} {[%emt 00:00:15]} 41. c3 {[%clk 00:00:52]}
{[%emt 00:00:45]} b3 {[%clk 00:01:28]} {[%emt 00:00:10]} 42. Rd2 {[%clk
00:00:57]} {[%emt 00:00:25]} Kf7 {[%clk 00:01:36]} {[%emt 00:00:23]} 43. Rd7+
{[%clk 00:01:04]} {[%emt 00:00:23]} Ke6 {[%clk 00:01:33]} {[%emt 00:00:32]} 44.
Rd2 {[%clk 00:01:19]} {[%emt 00:00:12]} f5 {[%clk 00:01:31]} {[%emt 00:00:36]}
45. Kg3 {[%clk 00:01:25]} {[%emt 00:00:23]} Bc2 {[%clk 00:01:45]} {[%emt
00:00:17]}  0-1